| 000 | 01278nam a22003374a 4500 | ||
|---|---|---|---|
| 001 | ebr10360912 | ||
| 003 | CaPaEBR | ||
| 006 | m u | ||
| 007 | cr cn||||||||| | ||
| 008 | 060317s2006 enka sb 001 0 eng | ||
| 010 | _z 2006009290 | ||
| 020 | _z1905209347 | ||
| 020 | _z9781905209347 | ||
| 040 |
_aCaPaEBR _cCaPaEBR |
||
| 035 | _a(OCoLC)647847766 | ||
| 050 | 1 | 4 |
_aQA76.9.F67 _bS64 2006eb |
| 082 | 0 | 4 |
_a004/.01/51 _222 |
| 245 | 0 | 0 |
_aSoftware specification methods _h[electronic resource] / _cedited by Henri Habrias, Marc Frappier. |
| 250 | _a2nd ed. | ||
| 260 |
_aLondon ; _aNewport Beach, CA : _bISTE Ltd, _c2006. |
||
| 300 |
_axxv, 418 p. : _bill. |
||
| 504 | _aIncludes bibliographical references and index. | ||
| 533 |
_aElectronic reproduction. _bPalo Alto, Calif. : _cebrary, _d2013. _nAvailable via World Wide Web. _nAccess may be limited to ebrary affiliated libraries. |
||
| 650 | 0 | _aFormal methods (Computer science) | |
| 650 | 0 |
_aComputer software _vSpecifications. |
|
| 655 | 7 |
_aElectronic books. _2local |
|
| 700 | 1 | _aHabrias, Henri. | |
| 700 | 1 |
_aFrappier, Marc, _d1965- |
|
| 710 | 2 | _aebrary, Inc. | |
| 856 | 4 | 0 |
_uhttp://site.ebrary.com/lib/rucke/Doc?id=10360912 _zAn electronic book accessible through the World Wide Web; click to view |
| 999 |
_c209961 _d209961 |
||